000 00304 a2200121 4500
001 63247
082 _a355.02 COC
090 _c37312
_d37312
100 _aDunnigan, J.F
245 _aHow to make war: a comp guide modern warfare
_hEnglish
260 _aLondon, UK
_bBook Club, London
300 _a442p
942 _aCAE NUST
_k355.02 COC
999 _c298320
_d298320